Úvod do statistiky
Guardado en:
| Autor principal: | |
|---|---|
| Autor Corporativo: | |
| Otros Autores: | , |
| Formato: | Libro |
| Lenguaje: | checo |
| Publicado: |
Praha
Nakladatelství Oeconomica
2019
|
| Edición: | 2. přepracované vydání, dotisk 1. |
| Materias: | |
| Etiquetas: |
Sin Etiquetas, Sea el primero en etiquetar este registro!
|
MARC
| LEADER | 00000nam a2200000 4500 | ||
|---|---|---|---|
| 001 | 0264117 | ||
| 005 | 20240221114807.7 | ||
| 020 | |a 978-80-245-2301-9 | ||
| 041 | 0 | |a cze | |
| 044 | |a CZ | ||
| 245 | 1 | 0 | |a Úvod do statistiky |c Hana Řezánková, Tomáš Löster, Zdeněk Šulc |
| 250 | |a 2. přepracované vydání, dotisk 1. | ||
| 264 | 1 | |a Praha |b Nakladatelství Oeconomica |c 2019 | |
| 300 | |a 127 s. | ||
| 610 | 2 | 0 | |a štatistika |
| 610 | 2 | 0 | |a terminológia |
| 610 | 2 | 0 | |a analýza štatistická |
| 610 | 2 | 0 | |a dáta |
| 610 | 2 | 0 | |a analýza korelačná |
| 610 | 2 | 0 | |a analýza regresná |
| 610 | 2 | 0 | |a indexy |
| 100 | 1 | |a Řezanková, Hana | |
| 700 | 1 | |a Löster, Tomáš | |
| 700 | 1 | |a Šulc, Zdeněk | |
| 710 | 2 | |a Vysoká škola ekonomická v Praze. Fakulta informatiky a statistiky | |